Analyse harmonique sur les groupes de Lie
Uloženo v:
| Hlavní autoři: | , , , |
|---|---|
| Médium: | Kniha |
| Jazyk: | francouzština |
| Vydáno: |
Berlín
Springer-Verlag
1975
|
| Edice: | Lecture Notes in Mathematics, 297
|
| Témata: | |
| Tagy: |
Přidat tag
Žádné tagy, Buďte první, kdo vytvoří štítek k tomuto záznamu!
|
MARC
| LEADER | 00000nam a2200000 a 4500 | ||
|---|---|---|---|
| 001 | UCP1061 | ||
| 003 | CL-VaPUC | ||
| 008 | 990326e19750000GW |||||||||||||||||fre|d | ||
| 082 | 0 | 4 | |a 515.2433 |b EYM |2 21 |
| 100 | 0 | |a Eymard, P |e author |9 426823 | |
| 700 | 0 | |a Faraut, J |e author |9 426824 | |
| 700 | 0 | |a Schiffmann, G |e author |9 426825 | |
| 700 | 0 | |a Takahashi, R |e author |9 426826 | |
| 245 | 1 | 0 | |a Analyse harmonique sur les groupes de Lie |
| 300 | |a 710 p | ||
| 942 | |c BK | ||
| 945 | |d 19990326 00:00:00 |a crobeson | ||
| 260 | |a Berlín |b Springer-Verlag |c 1975 | ||
| 650 | 0 | |a Análisis armónico |9 269929 | |
| 650 | 0 | |a Álgebra de Lie |9 271226 | |
| 650 | 0 | |a Grupos de Lie |9 271231 | |
| 650 | 0 | |a Representaciones de grupos |9 417402 | |
| 650 | 0 | |a Transformada de Fourier |9 425331 | |
| 650 | 0 | |a Congresos |9 257560 | |
| 583 | |a last modification |c 19990326 00:00:00 |k Rodrigo Vera | ||
| 490 | 0 | |a Lecture Notes in Mathematics, 297 | |
| 999 | |c 279779 |d 279777 | ||
| 952 | |0 0 |1 0 |4 0 |6 515_243300000000000_EYM_1975 |7 0 |8 A |9 319560 |a BIBMAT |b BIBMAT |d 2019-11-20 |i 1333909 |o 515.2433 EYM 1975 |p 1333909 |r 2025-01-07 |w 2019-11-20 |y BK |k MAT | ||